Byť objektom kontroly - postrach slovenských manažérov?
Kontrolovanie patrí k základným funkciám manažmentu popri plánovaniu, organizovaniu, personálnemu manažmentu a vedeniu. Význam funkcie počas hospodárskej krízy stúpol. Kontrolovanie manažér môže vykonávať, kedy vystupuje v role subjektu kontroly, alebo môže byť aj podrobený kontrole. Subjekt i obje...
Salvato in:
| Autore principale: | |
|---|---|
| Altri autori: | |
| Natura: | Capitolo di libro |
| Lingua: | slovacco |
| Soggetti: | |
| Tags: |
Nessun Tag, puoi essere il primo ad aggiungerne!!
|
MARC
| LEADER | 00000nla a2200000 4500 | ||
|---|---|---|---|
| 001 | 0219460 | ||
| 005 | 20240502073621.1 | ||
| 041 | 0 | |a slo | |
| 044 | |a SK | ||
| 245 | 1 | 0 | |a Byť objektom kontroly - postrach slovenských manažérov? |c Juraj Mišún, Ivana Mišúnová Hudáková |
| 520 | |a Kontrolovanie patrí k základným funkciám manažmentu popri plánovaniu, organizovaniu, personálnemu manažmentu a vedeniu. Význam funkcie počas hospodárskej krízy stúpol. Kontrolovanie manažér môže vykonávať, kedy vystupuje v role subjektu kontroly, alebo môže byť aj podrobený kontrole. Subjekt i objekt nemusia nutne pochádzať z jedného systému, čo znamená, že sa jedná o vonkajšiu/externú kontrolu. Názory slovenských manažérov na kontrolovanie v prípade, že sú jej podrobení. | ||
| 610 | 2 | 0 | |a kontrola |
| 610 | 2 | 0 | |a manažéri |
| 610 | 2 | 0 | |a manažment |
| 610 | 2 | 0 | |a teórie ekonomické |
| 610 | 2 | 0 | |a podnik |
| 610 | 2 | 0 | |a prieskum informačný |
| 100 | 1 | |a Mišún, Juraj, 1978- | |
| 700 | 1 | |a Mišúnová Hudáková, Ivana, 1976- | |